Cook like a local

Bibliographic Details
Main Author: Shepherd, Chris
Format: Book
Published: New York : Clarkson Potter/Publishers , 2019
Subjects:

MARC

LEADER 00000cam a2200000 7i4500
001 0000280077
005 20210323114624.0
020 |a 9781524761264 
090 0 0 |a 641.59   |b SHE 
100 1 |a Shepherd, Chris 
245 1 0 |a Cook like a local   |c Chris Shepherd 
260 |a New York :   |b Clarkson Potter/Publishers ,   |c 2019 
300 |a 288p. :   |b col.,photos ;   |c 30cm. 
650 0 |a Cooking   |z Texas   |z Houston 
650 0 |a International cooking 
999 |a 00386584   |b BUKU   |c PINJAMAN   |e PERPUSTAKAAN KOMUNITI PETALING JAYA